| 000 | 00705nam a22002291a 4500 | ||
|---|---|---|---|
| 001 | 67276 | ||
| 003 | BD-RjUL | ||
| 005 | 20211209081631.0 | ||
| 008 | 850102s1963 nyua 100 0 eng | ||
| 035 | _a(BD-RjUL)67407 | ||
| 040 |
_aDLC/ICU _cICU _dDLC _dBD-RjUL _beng |
||
| 041 | _aeng | ||
| 082 | 0 | 0 |
_223 _a539.7215 _bWEA 1963 |
| 245 | 1 | 0 |
_aWeak interactions, and topics in dispersion physics : _blecture notes / _cChristian Fronsdal, editor. |
| 260 |
_aNew York : _bW.A. Benjamin, _c1963. |
||
| 300 |
_a269 p. : _bill. ; _c24 cm. |
||
| 650 | 0 |
_aNeutrinos. _9199333 |
|
| 650 | 0 |
_aDispersion. _9199334 |
|
| 700 | 1 |
_aFronsdal, Christian, _d1931- _eed. _9199335 |
|
| 942 |
_2ddc _cBK |
||
| 999 |
_c67276 _d67276 |
||